000
00310nam a22001217a 4500
008
180424b xxu||||| |||| 00| 0 eng d
041
_a
eng
080
_a
043.3
100
_a
0
101
_a
MBE-MTH
245
_a
Ndikimi i reputacionit të OJQ-ve në Vendimmarjen e donatorëve
_c
Maqastena,N
942
_2
udc
_c
BK
999
_c
45454
_d
45454